Normal view
MARC view
- Radiology
Entry Topical Term
001 - CONTROL NUMBER
- control field: 133886
003 - CONTROL NUMBER IDENTIFIER
- control field: NUST
005 - DATE AND TIME OF LATEST TRANSACTION
- control field: 20260406120834.0
008 - FIXED-LENGTH DATA ELEMENTS
- fixed length control field: 260406|| aca||aabn | a|a d
040 ## - CATALOGING SOURCE
- Original cataloging agency: NUST
- Transcribing agency: NUST
150 ## - HEADING--TOPICAL TERM
- Topical term or geographic name entry element: Radiology
- Form subdivision: Textbooks
670 ## - SOURCE DATA FOUND
- Source citation: Work cat.: (NUST)616316: 133345, A textbook of radiology and imaging /, 2003.
